The Metaphysics of Experience : A Companion to Whitehead's Process and Reality /

Zapisane w:
Opis bibliograficzny
1. autor: Kraus, Elizabeth M. (autor)
Kolejni autorzy: Cummings Neville, Robert (prólogo) (prólogo)
Format: Książka
Język:angielski
Wydane: Nueva York, EUA : Fordham University, 2018, c2018
Wydanie:2a edición
Seria:(American Philosophy ; 9)
Hasła przedmiotowe:
Dostęp online:Ver documento en línea
Etykiety: Dodaj etykietę
Nie ma etykietki, Dołącz pierwszą etykiete!

MARC

LEADER 00000nam^a2200000^a^4500
001 000590471
005 20251023000000.0
009 20260310132909.499
020 |a 9780823283156 
037 |a Acervo ITESO - Biblioteca 
041 |a ING 
082 |a 146. 7  |b WHI EST KRA 
100 |a Kraus, Elizabeth M.  |e (autor) 
245 1 4 |a The Metaphysics of Experience :  |b A Companion to Whitehead's Process and Reality /  |c E.M. Kraus ; pról. de R. Cummings Neville. 
250 |a 2a edición 
264 4 |a Nueva York, EUA :  |b Fordham University,  |c 2018, c2018 
264 2 |a Cartagena, España :  |b Odilo [distribución],  |c 2024 
300 |a 1 libro electrónico en línea (1 v. sin paginación) 
300 |a 1 recurso en línea 
336 |a datos para computadora  |b cod  |2 rdacontenido 
337 |a computadora  |b c  |2 rdamedio 
338 |a recurso en línea  |b cr  |2 rdasoporte 
440 1 |a (American Philosophy ;  |v 9) 
506 1 |a 1 licencia 
521 |a Odilo 2024 EEnlace Departamento de Filosofía y Humanidades 
649 |a XX 
650 |a Filósofos Ingleses 
650 |a Realidad 
650 |a Cosmología 
650 |a Ontología 
650 |a Metafísica 
650 |a Filosofía de la Naturaleza 
650 |a Filosofía del Proceso -  |x Historia y Crítica -  |x Tema Principal 
650 |a Filosofía del Siglo XX -  |x Historia y Crítica 
650 |a Filosofía Inglesa -  |x Historia y Crítica 
650 |a Whitehead, Alfred North -  |x Tema Principal 
700 |a Cummings Neville, Robert  |e (prólogo) 
856 4 0 |u https://iteso-odilotk-es.ezproxy.iteso.mx/info/03899195  |y Ver documento en línea 
910 |a Fondo General 
920 |a Electrónicos - Libros en Línea 
930 |a Plataforma Digital 
905 |a 205 
901 |a 590471-1  |b IT2  |c EBO  |i C  |u 20250521 
902 |a https://opac.biblio.iteso.mx/vufind/Record/000590471